00227nam a2200097 a 4500008004100000050001500041100002000056245003500076260000900111350000900120120416s1985 xx |||||||||||||| || u aTD 426 Can aCanter, Larry W10aGround water pollution control c1985 a0.00